Statystyki dla Państwa graniczące z państwami na literę E (z mapą!)

Kliknij tutaj aby rozwiązać quiz!

Ogólne statystyki

  • Ten quiz został rozwiązany 288 razy
    (284 od ostatniego zresetowania)
  • Średni wynik to 11 z 15

Odpowiedzi na mapie

Odpowiedzi skodowane kolorowo w zielono-czerwonej skali na mapie do tego quizu, zgodnie z poniższymi procentami.
 

Statystyki odpowiedzi

Państwo% Poprawnych
Łotwa
93%
Rosja
93%
Sudan
90%
Kolumbia
88%
Peru
87%
Somalia
82%
Sudan Południowy
74%
Dżibuti
73%
Kenia
72%
Republika
Południowej Afryki
71%
Etiopia
68%
Libia
66%
Erytrea
63%
Izrael
63%
Mozambik
62%

Rozkład punktacji

Percentyl według liczby udzielonych odpowiedzi

Procent ludzi z każdym wynikiem

Twoja historia wyników

Nie rozwiązałeś tego quizu od ostatniego zresetowania